000 00889nam a2200253Ia 4500
003 OSt
005 20221005112906.0
006 a|||||r|||| 00| 0
007 ta
008 221004b |||||||| |||| 00| 0 kas d
020 _cINR 300.00
024 _a66727
037 _b1195, 20/02/2020, H.K. Prakashan
_cTextual
040 _aCRL
_cCRL
_bkas
041 _2kas
_akas
082 _aO154,3NGO,PT, 153Q9
100 _aਗੌਹਰ, ਗੁਲਾਬ ਨਬੀ, ਂਚ।
_9162057
245 0 _aਪੁੱਨ ਤੇ ਪਾਪ
260 _aਦਿੱਲੀ
_bਸਾਹਿਤ ਅਕਾਦੇਮੀ ਭਾਰਤ
_c2019
300 _a296ਪ੍ਰ0
_ccm.
650 _aਪੰਜਾਬੀ ਸਾਹਿਤ
942 _hO154,3NGO,PT, 153Q9
_cTEXL
_2cc
999 _c1026343
_d1026343